LEADER 02431nam a2200433 u 4500 001 000000015569 003 CaOOAMICUS 005 20070226105908.0 008 941010m19339999gw j u000 u lat u 020 $a3110150484 (v. 6) 020 $a3110167433 (v. 7:1) 020 $a3110193167 (v. 7:2) 035 $a10364021 040 $aBAV$bita$dISV 245 00$aProsopographia Imperii Romani saec. I. II. III. 250 $aEd. altera. 260 $aBerolini :$bde Gruyter,$c1933-<2006 >. 300 $av. <1-7:2 > :$balb. geneal. ;$c25 cm 505 0 $aPars 1. A-B / iteratis curis ediderunt Edmundus Groag et Arturus Stein -- Pars 2. C / iteratis curis ediderunt Edmundus Groag et Arturus Stein -- Pars 3. D-F -- Pars 4. G-I / iteratis curis ediderunt Arturus Stein et Leiva Petersen -- Pars 5. L-O / edidit L. Petersen -- Pars 6. P / iteratis curis ed. Leiva Petersen ; Klaus Wachtel adiuvantibus M. Heil ... [et al.] -- Pars 7. Fasc. 1. Q-R / iteratis curis edidit Klaus Wachtel adiuvantibus M. Heil, A. Strobach -- Pars 7. Fasc. 2. S / curavit Werner Eck 650 0$aNames, Personal$zRome.$2//eng$0(OLS)http://pul/subject/10931 651 0$aRome$xBiography.$2//eng$0(OLS)http://pul/subject/3073 700 1 $aHeil, Matthäus,$d1960-$0(OLS)http://pul/name/14305 700 1 $aWachtel, Klaus.$0(OLS)http://pul/name/14306 700 1 $aGroag, Edmund,$d1873-1945.$0(OLS)http://pul/name/14307 700 1 $aEck, Werner.$0(OLS)http://pul/name/14311 700 1 $aPetersen, Leiva.$0(OLS)http://pul/name/14309 700 1 $aStrobach, A.$0(OLS)http://pul/name/14310 700 1 $aStein, Arthur,$d1871-1950.$0(OLS)http://pul/name/14308 850 $aPUL 852 $aPUL$W1$xDP1 Fondo Ciprotti$y59$m1546 B 48$j21872$nBK-PRI$b $qFondi$B21872$CPULBib$Z2$F21872 $H $81 852 $aPUL$W1$xDP1 Fondo Ciprotti$y59$m1548 C 43(1,3-4)$j21873$nBK-PRI$b $qFondi$B21873$CPULBib$Z2$F21873 $H $81 941 1 $a1 961 $aINV: F.CIPROTTI 961 $aINV: F.CIPROTTI 996 $6020$a3110150484 (v. 6)$9(OLS)http://pul/number/19933 996 $6020$a3110167433 (v. 7:1)$9(OLS)http://pul/number/19934 996 $6020$a3110193167 (v. 7:2)$9(OLS)http://pul/number/19935 996 $6245$aProsopographia Imperii Romani saec. I. II. III$9(OLS)http://pul/title/22324 996 $6260$aBerolini :$bde Gruyter$9(OLS)http://pul/publisher/54752 LEADER 02765nam a2200469 u 4500 001 000000040958 003 CaOOAMICUS 005 20070226114147.0 008 980901s1996 it u000 u ita u 020 $a8839602267 035 $a10802233 040 $aMSA$bita$dPUL(R) 041 1 $aita$alat 100 1 $aChiappetta, Luigi,$csacerdote,$d1911-1998.$0(OLS)http://pul/name/92 245 13$aIl codice di diritto canonico :$bcommento giuridico-pastorale /$cLuigi Chiappetta. 250 $a2. ed. accresciuta e aggiornata. 260 $aRoma :$bEdizioni Dehoniane,$c1996. 300 $a3 v. ;$c21 cm 504 $aContiene indicazioni bibliografiche. 505 0 $av.1: Libri I-II. -- v.2: Libri III-IV-V-VI. -- v.3: Libro VII e Indice analitico. 630 04$aCodex iuris canonici (1983).$0(OLS)http://pul/subject/6161 850 $aPUL 852 $aPUL$W1$xSL Diritto Canonico 3$y77$m262. 9 CODCAN 4.3$j55562$nBK-PRI$qDDC 21$B55564$CPULBib$Z2$F55564 $H111992 $82 852 $aPUL$W1$xSL Diritto Canonico 3$y77$m262. 9 CODCAN 4.1$j136899$nBK-PRI$qDDC 21$B55562$CPULBib$Z2$F55562 $H111990 $82 852 $aPUL$W1$xSL Diritto Canonico 3$y77$m262. 9 CODCAN 4.2$j136900$nBK-PRI$qDDC 21$q $B55563$CPULBib$Z2$F55563 $H111991 $81 852 $aPUL$W1$xDP2 Cons. Gen., Altre Classi 1$y61$m1378 D 6$j153516$qStampati$q$av. 1$B153086$CPULBib$Z2$F153086 $H76751 $81 852 $aPUL$W1$xDP2 Cons. Gen., Altre Classi 1$y61$m1378 D 7$j153517$qStampati$q$av. 2$B153087$CPULBib$Z2$F153087 $H76752 $81 852 $aPUL$W1$xDP2 Cons. Gen., Altre Classi 1$y61$m1378 D 8$j153518$qStampati$q$av. 3$B153088$CPULBib$Z2$F153088 $H76753 $81 852 $aPUL$W1$xSL Diritto Canonico 3$y77$m262. 9 CODCAN 4.1B$j166342$aV. 1$qDDC 21$B166936$CPULBib$Z2$F166936 $81 852 $aPUL$W1$xSL Diritto Canonico 3$y77$m262. 9 CODCAN 4.2B$j166344$aV. 2$qDDC 21$B166938$CPULBib$Z2$F166938 $81 852 $aPUL$W1$xSL Diritto Canonico 3$y77$m262. 9 CODCAN 4.3B$j166345$aV. 3$qDDC 21$B166939$CPULBib$Z2$F166939 $81 941 1 $a8 941 1 $a9 961 $aCollocazione di altra copia: 1378 D 6 961 $aCollocazione di altra copia: 1378 D 7 961 $aCollocazione di altra copia: 1378 D 8 961 $aEsemplare fotocopiato 961 $aEsemplare fotocopiato 961 $aEsemplare fotocopiato 996 $6020$a8839602267$9(OLS)http://pul/number/50890 996 $6245$aIl codice di diritto canonico :$bcommento giuridico-pastorale$9(OLS)http://pul/title/55247 996 $6260$aRoma :$bEdizioni Dehoniane$9(OLS)http://pul/publisher/50059